000 00740nam a2200193 a 4500
001 000033867
005 20200930070601.0
008 110914s1990 es abc 000 0 spa d
020 _a8472325571
100 1 _aLlamazares, Vicente
_d1930-
_959293
245 1 0 _aCartagena de Indias /
_cfotografías de Vicente Llamazares ; textos de Germán Arciniegas, Carlos Villalba Bustillo.
260 _aEspaña :
_bAgencia Espáñola de Cooperación Internacional
_bEdiciones de Cultura Hispánica,
_c1990].
300 _a317, láminas :
_bil., ;
_c30 cm.
490 1 _aCiudades iberoamericanas
700 1 _aArciniegas, Germán
_943711
700 1 _aVillalba Bustillo, Carlos
_959294
830 0 _aCiudades iberoamericanas
_959295
999 _c33358
_d33358
040 _aDO-SdBNP